Времена (Запис номер 497974)
[ съкратено ]
| 000 -Лидер | |
|---|---|
| Лидер | 00755nam a2200253 a 4500 |
| 003 - Код на организацията, давaща контролен номер | |
| Код на организацията, даваща контролен номер | BLK |
| 005 - Дата и час на последна редакция | |
| Дата и час на последна редакция | 20250404135003.0 |
| 007 - Фиксирано поле за физическо описани | |
| Физическо описание | ta |
| 008 - Елементи от данни с фиксирана дължина | |
| Елементи с фиксирана дължина | 221104b bu |||||r|||| 00| | bu d |
| 020 ## - Международен стандартен номер на книга ISBN | |
| ISBN | 9786197636796 |
| 040 ## - Източник на каталожния запис | |
| Код на библиотеката | BLK |
| 041 ## - Код за език | |
| Език | Български |
| Език за КДБФ | Български |
| 080 ## - УДК | |
| 9 (RLIN) | 227592 |
| УДК текст | Българска литература |
| УДК код | 821.163.2 |
| УДК – определител | -1 |
| УДК – код + определител | 821.163.2-1 |
| 084 ## - Класификационен индекс по друга класификация | |
| Авторски знак | Abr - A 16 |
| 100 1# - Редна дума - Автор | |
| R(LIN) | 145177 |
| Автор | Якимов, Георги Стойчев |
| 245 ## - Сведения за заглавието | |
| Заглавие | Времена |
| Подзаглавни данни | Тристишия |
| Авторска отговорност | Георги Якимов |
| 260 ## - Област на издателските данни | |
| 9 (RLIN) | 218323 |
| Място на издаване | София |
| Име на издателя | Потайниче |
| Година на издаване | 2023 |
| 300 ## - Физическа характеристика | |
| Брой страници | 67 с. |
| Размер | 20 см |
| 380 ## - Жанр | |
| Жанр | Худож. лит. |
| 852 ## - Местоположение | |
| Сигнатура (форматна) | Цб 326888 |
| Отдел | Хранилище |
| 856 ## - Електронен адрес и достъп | |
| Инструкция (цена за достъп) | 0.00 |
| Права за достъп | disable |
| 942 ## - АРТИКУЛИ | |
| Вид на библиотечния документ | Книги |
| Скрит в OPAC | Не |
| 944 ## - СЪЗДАВАНЕ И РЕДАКЦИЯ на ЗАПИСА | |
| Дата на регистрацията/редакция | 2023 |
| Служител, извършил регистрацията/редакцията | 30560 |
| Създаване/Редакция | Редакция |
| Номер на служител | Геновева Генчева |
| 999 ## - СИСТЕМНИ КОНТРОЛНИ НОМЕРА | |
| Koha biblionumber | 497974 |
| Koha biblioitemnumber | 497974 |
| Код за отписване | Код за изгубен артикул | Източник на класификационната схема | Код за повреда | Код за отдаване | Артикулен № | Име на библиотеката - собственик | Име на библиотеката, в която се намира в момента | Статус (Текущо местоположение) | Дата на вписване в системата | Местоположение - отдел | Цена в лева | Инвентарен номер | Систематично азбучна сигнатура | Баркод | Цена в евро | Служебен тип на артикула | Коз за рестрикции |
|---|---|---|---|---|---|---|---|---|---|---|---|---|---|---|---|---|---|
| Не е изгубен | Universal Decimal Classification | Не е повреден | заемане за дома | 938222 | Регионална библиотека "Любен Каравелов" Русе | Регионална библиотека "Любен Каравелов" Русе | Заемна - подръчен фонд | 2024-01-03 | Заемна - подръчен фонд | 4.00 | 120000897212 | 821.163.2-1/Я 32 Г | 120000897212 | 2.05 | Книги | ||
| Не е изгубен | Universal Decimal Classification | Не е повреден | ползва се в читалня | 971917 | Регионална библиотека "Любен Каравелов" Русе | Регионална библиотека "Любен Каравелов" Русе | Хранилище | 2025-05-22 | Хранилище | 10.00 | 120000919724 | Цб 326888 | 120000919724 | 5.11 | Книги | само за читалня |